Paris - Sabrina Carpenter paroles - Statistiques

Statistiques générales
  • Ce quiz a été pris 4 fois
  • Le résultat moyen est 216 sur 413
Statistiques - réponses
Réponse % Correct
I
100%
(I
100%
it
100%
(it
100%
it's
100%
It's
100%
to
100%
a
67%
à
67%
boy
67%
compare
67%
do
67%
don't
67%
even
67%
good
67%
have
67%
he
67%
He
67%
If
67%
in
67%
jump,
67%
know
67%
(Know
67%
me
67%
me)
67%
nice,
67%
Paris
67%
Paris)
67%
Paris,
67%
right,
67%
right
67%
romantic
67%
say,
67%
so
67%
So
67%
(so
67%
that
67%
treat
67%
understood
67%
would
67%
already
33%
Already
33%
always
33%
asked
33%
be
33%
But
33%
chose
33%
cœur
33%
d'aimer,
33%
d'aimer
33%
donne
33%
envie
33%
est
33%
find
33%
for
33%
get
33%
Guess
33%
heart
33%
hesitant,
33%
hesitant
33%
I'd
33%
Je
33%
L.A.
33%
l'amour
33%
leave
33%
leave)
33%
long
33%
love
33%
love,
33%
Mais
33%
makes
33%
many
33%
Mon
33%
much
33%
my
33%
myself
33%
ne
33%
notice
33%
notice,
33%
of
33%
one
33%
pas
33%
passionnément
33%
pour
33%
quelque
33%
Qui
33%
roses
33%
(roses)
33%
should
33%
show
33%
Still
33%
still
33%
sure
33%
sure,
33%
sure)
33%
take
33%
that's
33%
(that's
33%
things
33%
think
33%
this?
33%
this)
33%
Thought
33%
(thought
33%
toi
33%
too
33%
took
33%
toujours
33%
trouver
33%
try
33%
try)
33%
try,
33%
voulais
33%
was
33%
where
33%
will
33%
with
33%
Won't
33%
won't
33%
(won't
33%
wrong
33%
yeah
33%
Yeah,
33%
yeah,
33%
you
33%
You
33%
anymore,
0%
anymore
0%
(anymore)
0%
babe
0%
breeze
0%
'cross
0%
Feeding
0%
feeding
0%
front
0%
Halfway
0%
here
0%
high,
0%
like
0%
Looking
0%
medicine,
0%
nights,
0%
Parisian
0%
past
0%
put
0%
Scared
0%
Something
0%
the
0%
told
0%
waiting
0%
water
0%
when
0%
Why'd
0%
world
0%
you're
0%
Aucun quiz correspondant
Distribution des résultats
% des personnes avec chaque résultat
Percentile par nombre de réponses
Votre historique - résultats
Vous n’avez pas pris ce quiz